Slovenské združenie stomikov SLOVILCO a jeho priority

Bibliographic Details
Main Author: Čačko, Ján (Author)
Format: Article
Language:Slovak
PhysicalDescription:Fotogr., mp.
ISSN:1336-2208
Subjects:

MARC

LEADER 00000nab a2200000 ar4500
001 vtls008957258
003 SK-MaSNL
005 20260303070950.0
008 070320c2007 xo |||| | | 000 b|slo
015 |a SNBRB2007/03  |2 snkbucl 
038 |a SNKBUCL 
040 |a SNKBUCL  |b slo  |c SNKBUCL  |e AACR2 
041 0 |a slo 
044 |a xo  |c SK 
080 |a 616-089.86:061.25  |x (437.6)  |2 1997 
100 1 |a Čačko, Ján  |4 aut  |9 1069068 
245 1 0 |a Slovenské združenie stomikov SLOVILCO a jeho priority  |c Ján Čačko 
300 |b Fotogr., mp. 
610 2 7 |a SLOVILCO (združenie stomikov : Slovensko)  |2 snkbucl  |9 86539 
650 0 7 |a stómia  |2 snkbucl  |9 19077 
650 0 7 |a stomici  |2 snkbucl  |9 86024 
650 0 7 |a kluby stomikov  |2 snkbucl  |9 843650 
773 0 |t Humanita  |g Roč. XVI, č. 1 (2007)  |x 1336-2208 
773 0 8 |i Príl.:  |t Humanita plus  |g Č. 1 (2007), s. 2-3 
852 |a SNK  |b KIS3GCP 
958 |a MI 
958 |a SK 
999 |c 1757734  |d 1759664